Statistics for What did these industrial revolution figures do?

Click here to take the quiz!

General Stats

  • This quiz has been taken 31 times
  • The average score is 5 of 17

Answer Stats

HintAnswer% Correct
Thomas Alva EdisonMade contributions to the electric light bulb
64%
Friedrich KruppFounder of the Krupp company
57%
John.D.RockerfellerFounder of the Standard Oil Company
57%
Henry BessemerImproved the method for mass-producing steel
43%
Eli WhitneyInvented cotton gin
43%
James HargreavesInvented the spinning jenny
36%
James WattImproved steam engine
29%
Andrew CarnegieLed the american steel industry
29%
Samuel CromptonInvented the spinning mule
21%
Joseph AspdinInvented portland cement
14%
Thomas SaveryInvented the first steam engine
14%
John KayInvented the flying shuttle
14%
Matthew BoultonPartner of Watt
14%
Abraham DarbyPioneered coke in iron smelting
14%
Richard ArkwrightInvented the water frame
7%
Charles TennantContributed to bleaching powder production
0%
John WilkinsonImprovements in iron production
0%

Score Distribution

Percentile by Number Answered

Percent of People with Each Score

Your Score History

You have not taken this quiz